<Le> Nouvel ordre economique international pour ou contre

Guardado en:
Detalles Bibliográficos
Formato: Libro
Lenguaje:francés
Publicado: Varsovie Orbis 1983
Etiquetas: Agregar Etiqueta
Sin Etiquetas, Sea el primero en etiquetar este registro!

MARC

LEADER 00000nam a2200000 4500
001 c110607
005 20041019155147.3
041 0 |a fre 
044 |a FR 
245 1 0 |a <Le> Nouvel ordre economique international  |b pour ou contre 
264 1 |a Varsovie  |b Orbis  |c 1983 
300 |a 141 s.